000
00318pam a2200133 a 4500
020
_c
041
_h
082
_a
743.6
_b
PIN
100
_a
Polly pinder .
245
_a
How to Draw Cats insimple step
_h
Textual Documents
260
_a
[s.l]:
_b
Search Press U. K.,
_c
2014.
300
_a
50:
_b
paper.
930
_a
7451
999
_c
241241
_d
241241